000
00303nam a2200121 a 4500
005
20140414132059.0
008
110805s19uu xx 00 eng d
050
_a
TR
_b
M61 1997
100
_a
Miller, Margaret
245
_a
My five senses.
260
_a
USA :
_b
Houghton Mifflin,
_c
1997.
999
_c
114402
_d
114402